Algebra elemental 1 / (Registro nro. 9730)

Detalles MARC
000 -LIDER
fixed length control field 00858nam a22002177a 4500
001 - NÚMERO DE CONTROL
Identificador de número de control 00180
003 - IDENTIFICACDOR DE NÚMERO DE CONTROL
control field DO-SdBNP
005 - DATE AND TIME OF LATEST TRANSACTION
control field 20180315113236.0
007 - CAMPOS FIJOS DE DESCRIPCIÓN FÍSICA
fixed length control field 00180
008 - ELEMENTOS DE LONGITUD FIJA
fixed length control field 160413b dr 1987||||| |||| 00| 0 spa d
040 ## - FUENTE DE CATALOGACIÓN
Agencia que crea de manera original el registro BPMSU
Idioma de catalogación spa
Agencia que realiza la transcripción BPMSU
092 ## - LOCALLY ASSIGNED DEWEY DECIMAL CALL NUMBER
Número de clasificación xxxxxxxxx
Número de ítem (Cutter) xxxxxxxxx
100 1# - ASIENTO PRINCIPAL -- NOMBRE PERSONAL
Nombre personal Marcelo, Nidia
245 1# - MENCIÓN DE TITULO
Título Algebra elemental 1 /
Subtítulo Nidia Marcelo
260 ## - PUBLICACIÓN, DISTRIBUCIÓN, ETC. (PIE DE IMPRENTA)
Lugar de publicación, distribución, etc Santo Domingo :
Nombre del editor, distribuidor, etc. Susaeta,
Fecha de publicación, distribución, etc 1987.
300 ## - DESCRIPCIÓN FÍSICA
Extensión 184 p. :
Dimensiones 25 cm.
505 ## - NOTA DE CONTENIDO
Información miscelánea Capítulo 1 --
Título Nociones de lógica simbólica --
-- Expresiones algebraicas --
-- Adición y sustraccion de expresiones algebraicas --
-- La multiplicación de expresiones algebraicas --
-- Ecuaciones enteras de primer grado con una incógnita --
-- La factorización --
-- Potenciación y radiación --
-- Ecuaciones.
942 ## - ADDED ENTRY ELEMENTS (KOHA)
Source of classification or shelving scheme Dewey Decimal Classification
Koha item type Libros
945 ## - INFORMACIÓN DE PROCESAMIENTO LOCAL
Información de procesamiento local Remanejado para la BNPHU / 2018 VM
956 ## - LOCAL ELECTRONIC LOCATION AND ACCESS (OCLC)
Nombre de host Brenda Tavárez
Existencias
Withdrawn status Lost status Source of classification or shelving scheme Damaged status Not for loan Collection code Home library Current library Date acquired Source of acquisition Total Checkouts Barcode Date last seen Price effective from Koha item type
    Dewey Decimal Classification     Colección General Biblioteca Pública Metropolitana Salomé Ureña Biblioteca Pública Metropolitana Salomé Ureña 04/13/2016 Donación   BPMSU16040379 04/13/2016 04/13/2016 Libros